000 00528nam a2200181Ia 4500
008 230917s9999||||xx |||||||||||||| ||und||
020 _cRS225
040 _e240224
_aMAIN
041 _aEnglish
082 _a346.022 U3U
100 _aX
245 0 _aUniversal's concise commentary on the Indian contract act 1872 (9 of 1872) with exhaustive case law
250 _a2nd ed.
260 _aGurgaon
_bLexis Nexis
_c2017
300 _axiviii, 190 p.
500 _a2721 24/05/2017 HBD17/6987 14/06/2017 Main Budget
942 _cBK
999 _c22619
_d22619